[Event "FIDE World Cup 2017"]
[Site "Tbilisi"]
[Date "2017.09.08"]
[Round "2.4"]
[White "Nepomniachtchi, Ian"]
[Black "Adhiban, B."]
[Result "1-0"]
[WhiteElo "2741"]
[BlackElo "2670"]
[Annotator "TA"]
[PlyCount "71"]
[EventDate "2017.??.??"]
[EventType "k.o."]
[EventCountry "GEO"]
[SourceTitle "playchess.com"]
[Source "ChessBase"]
[SourceQuality "1"]

{[%evp 13,71,28,41,44,34,25,54,55,62,32,41,16,21,13,13,2,23,7,13,0,0,-4,0,0,0,0,0,0,0,-43,285,293,294,287,315,310,308,292,287,277,678,672,736,757,1003,973,1244,1993,1867,1808,1513,1487,29984,29985,29991,29992,29992,29993,29993,29994]} 1. c4 g6 2. d4 Nf6 3. Nc3 Bg7 4. e4 d6 5. Nf3 O-O 6. h3 Na6 7. Be3 c6 {LiveBook: 59 Games. E90: King's Indian: Classical: Early deviations and 6 h3} 8. Rc1 e5 $146 ({Find the theoretical novelty and annotate with similar games:} 8... Nc7 9. Be2 b5 10. e5 dxe5 11. dxe5 Nd7 12. cxb5 cxb5 13. O-O Bb7 14. Nxb5 Nd5 15. e6 fxe6 {½-½ (92) Wei,Y (2706)-Adhiban,B (2653) Wijk aan Zee 2017}) 9. d5 cxd5 {White has an edge.} 10. cxd5 Ne8 11. g4 Kh8 12. Be2 f5 13. gxf5 (13. Bg5 $5 {[%cal Rg5d8]} Nf6 14. exf5 $14) 13... gxf5 14. exf5 Bxf5 15. Ng5 Qe7 16. Bg4 Bh6 $1 {[%cal Rh6g5]} 17. h4 Bg6 18. Bh5 {[#] Black must now prevent Bxg6.} Bf5 $1 19. Bg4 $36 {[%mdl 2048] White fights for an advantage.} Bg6 20. Ne6 Bxe3 21. fxe3 {And now h5 would win.} Nc5 $2 {[%mdl 8192]} (21... Rg8 $1 $15) 22. Nxf8 $18 Qxf8 {[#]} 23. h5 $1 {[%cal Rh5g6]} Qh6 24. Qf3 Bd3 25. b4 Na6 26. Kd2 e4 $2 (26... Bc4 27. Rhg1 b5) 27. Nxe4 Bxe4 28. Qxe4 Nf6 29. Qd4 Re8 30. Be6 Nxb4 31. Rhf1 Rf8 32. Qxb4 Qg5 33. Qd4 {White mates.} Qg2+ 34. Kd3 Qg5 35. Rf5 Qg7 36. Rcf1 {Precision: White = 75%, Black = 55%.} 1-0

[Event "FIDE World Cup 2017"]
[Site "Tbilisi"]
[Date "2017.09.08"]
[Round "2.4"]
[White "Wojtaszek, Radoslaw"]
[Black "Onischuk, Alexander"]
[Result "0-1"]
[WhiteElo "2739"]
[BlackElo "2682"]
[Annotator "TA"]
[PlyCount "98"]
[EventDate "2017.??.??"]
[EventType "k.o."]
[EventCountry "GEO"]
[SourceTitle "playchess.com"]
[Source "ChessBase"]
[SourceQuality "1"]

{[%evp 24,98,30,30,85,82,97,97,112,68,72,62,67,56,76,56,87,45,54,46,78,13,39,39,79,87,87,37,33,0,0,0,0,0,0,0,0,0,0,-96,-102,-146,-146,-146,-146,-124,-124,-124,-124,-190,0,0,0,-209,-276,-469,-437,-902,-937,-1107,-897,-2104,-2078,-12837,-5003,-12843,-12843,-12844,-12844,-12846,-12847,-12847,-12847,-12848,-12847,-12849,-12849]} 1. d4 Nf6 2. c4 e6 3. Nc3 d5 4. cxd5 exd5 5. Bg5 c6 6. e3 Be7 7. Bd3 Nbd7 8. Nge2 Nh5 9. Bxe7 Qxe7 10. g4 Nhf6 11. Ng3 Nb6 {D35: Queen's Gambit Declined: Exchange Variation} (11... g6 12. g5 Ng8 13. h4 Nb6 14. a4 a5 15. h5 Qxg5 16. hxg6 fxg6 17. Qb3 Nd7 18. O-O-O Ne7 19. Rdg1 {½-½ (30) Ivanisevic,I (2638)-Banusz,T (2585) Dubai 2015}) 12. g5 Ng8 13. h4 {[%cal Bh2h4,Bh4h5][%mdl 32] [#] LiveBook: 15 Games} Be6 $146 (13... h6 $11 {remains equal.}) ({Predecessor:} 13... Qd6 14. Qc2 Ne7 15. Nh5 Kf8 16. Rg1 Ng6 17. O-O-O Nxh4 18. Rh1 Nf3 19. Bf5 {0-1 (37) Vavrak,P (2466)-Godena,M (2528) Olbia 2008}) 14. Nh5 $16 g6 15. Ng7+ Kd7 16. Nxe6 Qxe6 17. a4 a5 $1 18. h5 Ne7 19. Qf3 Nf5 20. Ne2 Rae8 21. b3 Nd6 22. Qh3 (22. Rc1 $16) 22... Qxh3 23. Rxh3 h6 24. hxg6 hxg5 25. Rxh8 Rxh8 26. g7 Rg8 27. Ng3 Ke7 28. Nh5 f5 $1 29. Ke2 Nd7 30. Rh1 Kf7 31. f4 (31. Rg1 $11) 31... gxf4 $17 32. exf4 Nf6 33. Nxf6 Kxf6 {[%mdl 4096] Endgame KRB-KRN} 34. Rh6+ Ke7 35. Rg6 Ne4 36. Bxe4 (36. Ke3 $17) 36... dxe4 $2 {[#] KR-KR} (36... fxe4 $19 37. Kf2 Kf7) 37. d5 $1 $11 cxd5 38. Ke3 $2 (38. Rb6 $1 $11 {and White has nothing to worry.}) 38... Kf7 $19 39. Rb6 $2 (39. Rd6 Rxg7 40. Rd7+ Kg6 41. Rxd5) 39... Rxg7 {Black is clearly winning.} 40. Rxb7+ (40. Kd4 $142 Kg8 41. Re6) 40... Kg6 41. Rb5 Kh5 42. Rxd5 Rg3+ 43. Ke2 Kg4 44. Rxa5 Rxb3 45. Ra8 Kxf4 46. a5 Rb2+ 47. Kd1 Ra2 48. a6 Ke3 49. a7 f4 {Precision: White = 34%, Black = 68%.} 0-1

[Event "FIDE World Cup 2017"]
[Site "Tbilisi"]
[Date "2017.09.08"]
[Round "2.4"]
[White "Bacrot, Etienne"]
[Black "Bu, Xiangzhi"]
[Result "0-1"]
[WhiteElo "2728"]
[BlackElo "2714"]
[Annotator "TA"]
[PlyCount "134"]
[EventDate "2017.??.??"]
[EventType "k.o."]
[EventCountry "GEO"]
[SourceTitle "playchess.com"]
[Source "ChessBase"]
[SourceQuality "1"]

{[%evp 23,134,1,27,0,0,-8,6,-2,9,0,28,0,15,0,18,0,1,0,0,0,0,0,0,0,0,0,0,0,0,0,0,0,0,-10,-7,-10,0,-18,-18,-19,-3,-1,-1,-7,-4,0,0,0,0,-18,-17,-80,-38,-54,-36,-36,-36,-36,-36,-76,-76,-76,-77,-80,-79,-103,-47,-50,-25,-126,-126,-126,-126,-122,-54,-54,-57,-72,-72,-80,-10,-10,0,-52,-52,-59,-8,-22,-8,-37,-8,-37,-37,-37,-8,-44,-46,-52,-62,-59,-8,-8,-8,-8,-8,-8,-8,-29963,-851,-29963,-29956,-29973,-29973]} 1. e4 e5 2. Nf3 Nc6 3. Bb5 {[%cal Bf1b5,Bb5a4,Ba4b3,Bb3a2][%mdl 32]} a6 4. Ba4 Nf6 5. O-O Be7 6. d3 b5 7. Bb3 O-O 8. Nc3 d6 9. a3 Bb7 10. Re1 Re8 {C84: Closed Ruy Lopez: Unusual White 6th moves} (10... h6 11. Ne2 Re8 12. Ng3 Bf8 13. c3 Qd7 14. d4 Na5 15. Bc2 Nc4 16. a4 Rad8 17. b3 Nb6 18. a5 {1-0 (48) Nepomniachtchi,I (2725)-Bu,X (2723) Danzhou 2016}) 11. Ba2 h6 12. h3 Bf8 {LiveBook: 3 Games. The position is equal.} 13. Be3 Ne7 {[#]} 14. d4 $146 ({Find the theoretical novelty and annotate with similar games:} 14. Nh4 g5 15. Qf3 Bg7 16. Nf5 Nxf5 17. Qxf5 {0-1 (67) Kulaots,K (2613)-Hector,J (2593) Sweden 2003}) 14... exd4 15. Bxd4 Nc6 16. Be3 Qd7 17. Nd5 Nxd5 18. Bxd5 Na5 19. Qd3 c6 20. Ba2 d5 21. Rad1 {[%cal Re4d5]} Qc7 22. exd5 cxd5 23. Bxd5 (23. Bd4 {keeps more tension.} Nc4 24. Nh4 Re4 25. Nf5 Rae8 26. Rxe4 Rxe4 27. Qc3) 23... Rad8 24. Qf5 Bxd5 25. Rxd5 Rxd5 26. Qxd5 Qxc2 27. Qd7 Qc8 28. Qxc8 (28. Ne5 $5 {[%cal Rd7f7]} Qxd7 29. Nxd7 $11) 28... Rxc8 29. Kf1 f6 30. Nd2 Rc2 31. Rb1 b4 32. axb4 Bxb4 33. Nf3 Nc4 34. Bd4 a5 35. b3 Nd6 36. Ra1 (36. Rb2 $5 {[%cal Rb2c2]} Rc6 37. Be3 $11) 36... Ne4 37. Bb6 (37. Rd1 $11) 37... Kf7 38. Kg1 g5 39. Bxa5 Bc5 40. Be1 Nxf2 41. Kf1 Nd3 42. Bd2 Rb2 43. Ra6 Rxb3 44. Ke2 h5 (44... Nf2 $17 45. Ra4 h5) 45. Rc6 $15 Bb4 46. Bxb4 (46. Be3 $11) 46... Nf4+ $17 47. Kf2 Rxb4 {[%mdl 4096] Endgame KRN-KRN} 48. Rc2 g4 ({Black should try} 48... Ra4 $17 49. h4 g4) 49. hxg4 $15 hxg4 50. Ng1 Rb3 51. Ne2 Nd3+ (51... Nxe2 $17 52. Kxe2 Ke6) 52. Kg3 $11 f5 (52... Ne5+ {feels hotter.} 53. Rc3 Rb6 54. Nf4 Kg7 55. Nd3 Nxd3 56. Rxd3 Rb4) 53. Rc3 (53. Kh4 $11) 53... Rxc3 $15 54. Nxc3 {KN-KN} Kf6 (54... Kg6 $1 $15 55. Kh4 Nf4) 55. Kh4 $1 $11 Ke5 (55... Nf4 $5 {[%cal Rf4g2]} 56. Kg3 Ke5 $17) 56. Kg5 Ne1 (56... Nf4 $5 {[%cal Rf4g2]} 57. g3 Nh3+ 58. Kh5 Nf2 $17) 57. g3 Nf3+ 58. Kg6 Nd2 {With the idea ...Nf1.} 59. Ne2 (59. Nd5 $5) 59... Ne4 60. Kh5 Kf6 61. Kh6 $1 Nc5 (61... Nd6 $15) 62. Nf4 Ne6 {[#] ( -> ...Nxf4)} 63. Nh5+ Ke5 {White must now prevent ...Ke4.} 64. Kg6 Nd4 {Threatens to win with ...Ke4.} 65. Ng7 $2 {[%mdl 8192] [#]} (65. Nf6 $11) 65... Ke4 $1 {[%cal Re4f3]} (65... f4 $2 66. gxf4+ Kxf4 67. Nh5+ Ke3 68. Kf6 $17) 66. Nh5 Kf3 67. Kf6 Ne2 {Precision: White = 55%, Black = 49%.} 0-1

[Event "FIDE World Cup 2017"]
[Site "Tbilisi"]
[Date "2017.09.08"]
[Round "2.4"]
[White "Ivanchuk, Vassily"]
[Black "Duda, Jan-Krzysztof"]
[Result "1/2-1/2"]
[WhiteElo "2727"]
[BlackElo "2698"]
[Annotator "TA"]
[PlyCount "65"]
[EventDate "2017.??.??"]
[EventType "k.o."]
[EventCountry "GEO"]
[SourceTitle "playchess.com"]
[Source "ChessBase"]
[SourceQuality "1"]

{[%evp 21,65,44,56,21,22,22,12,16,28,22,22,27,27,29,14,7,8,8,10,6,8,0,0,0,11,0,0,0,0,0,5,8,8,0,10,0,0,-3,0,0,0,0,0,0,0,0]} 1. c4 Nf6 2. Nf3 c6 3. Nc3 d5 4. e3 Nbd7 5. Qc2 e6 6. b3 Bd6 7. Bb2 O-O 8. Be2 Qe7 {A11: English Opening: 1...c6} 9. O-O b6 10. cxd5 cxd5 11. Nb5 Ba6 {LiveBook: 8 Games} 12. Qd1 $146 ({Predecessor:} 12. Rfc1 Rfc8 13. Qd1 Bxb5 14. Bxb5 {1-0 (36) Roiz,M (2649)-Le Roux,J (2551) Caleta 2011}) 12... Bxb5 13. Bxb5 a6 14. Be2 Ba3 15. Qc1 Bxb2 16. Qxb2 Rfc8 17. Rfc1 a5 18. Rc2 {The position is equal.} Rxc2 19. Qxc2 Qc5 20. Rc1 Rc8 21. Qxc5 Rxc5 22. Rxc5 Nxc5 $11 {[%mdl 4096] Endgame KBN-KNN} 23. Kf1 Kf8 24. Ne5 Ke7 25. Ke1 Ncd7 26. Nc6+ Kd6 27. Nd4 g6 28. f4 Ne4 29. Bd3 Nec5 30. Bb5 f6 31. Nf3 Nf8 32. g4 e5 33. d4 {Precision: White = 69%, Black = 86%.} 1/2-1/2

[Event "FIDE World Cup 2017"]
[Site "Tbilisi"]
[Date "2017.09.08"]
[Round "2.4"]
[White "Andreikin, Dmitry"]
[Black "Matlakov, Maxim"]
[Result "1/2-1/2"]
[WhiteElo "2708"]
[BlackElo "2728"]
[Annotator "TA"]
[PlyCount "78"]
[EventDate "2017.??.??"]
[EventType "k.o."]
[EventCountry "GEO"]
[SourceTitle "playchess.com"]
[Source "ChessBase"]
[SourceQuality "1"]

{[%evp 9,78,0,0,0,0,0,0,0,0,0,13,26,20,10,26,0,0,0,0,0,0,0,13,0,13,10,11,1,27,25,33,30,17,0,0,0,0,0,0,0,0,0,0,0,0,0,0,0,0,0,0,0,8,0,0,0,0,0,0,0,0,0,0,0,0,0,0,0,0,0,0]} 1. d4 Nf6 2. Bf4 c5 3. d5 (3. dxc5 Nc6 4. Nc3 e5 5. Bg5 Bxc5 6. e3 Bb4 7. Nge2 d5 8. a3 Bxc3+ 9. Nxc3 Be6 10. Bb5 d4 11. Bxf6 Qxf6 {½-½ (42) Aronian,L (2799)-Kasparov,G (2812) Saint Louis 2017}) 3... d6 4. Nc3 e5 5. dxe6 Bxe6 6. e4 {A45: Trompowsky Attack} Nc6 7. Nf3 d5 $146 ({Predecessor:} 7... Be7 8. Be2 O-O 9. O-O h6 10. Re1 Re8 {½-½ (22) Bender,K (2086)-Hoehne,E (2020) GER email 2013}) 8. exd5 Nxd5 9. Nxd5 Qxd5 10. Qxd5 Bxd5 11. O-O-O O-O-O 12. Be2 Bd6 13. Bg5 Be7 14. Bxe7 Nxe7 15. Rhe1 Ng6 16. g3 h6 17. Nd2 Kc7 18. Bc4 Rd7 19. f4 Rhd8 20. Bxd5 Rxd5 21. Nc4 {The position is equal.} Rxd1+ 22. Rxd1 Rxd1+ 23. Kxd1 $11 {[%mdl 4096] Endgame KN-KN} Kc6 24. Na5+ Kb6 25. Nc4+ Kc6 26. Ke2 b5 27. Ne3 Ne7 28. c4 a6 29. Kd3 f5 30. a3 g6 31. g4 Kd6 32. gxf5 (32. b3 {is more complex.} b4 33. axb4 cxb4 34. gxf5 gxf5 35. Nc2) 32... Nxf5 33. Nxf5+ gxf5 {KP-KP} 34. b3 {[%cal Bb2b3,Bb3b4][%mdl 32]} Kc6 35. Kc3 Kb6 36. b4 Kc6 37. Kb3 Kb6 38. Kc3 Kc6 39. Kb3 Kb6 {Precision: White = 72%, Black = 81%.} 1/2-1/2

[Event "FIDE World Cup 2017"]
[Site "Tbilisi"]
[Date "2017.09.08"]
[Round "2.4"]
[White "Wang, Hao"]
[Black "Gelfand, Boris"]
[Result "1/2-1/2"]
[WhiteElo "2701"]
[BlackElo "2737"]
[Annotator "TA"]
[PlyCount "58"]
[EventDate "2017.??.??"]
[EventType "k.o."]
[EventCountry "GEO"]
[SourceTitle "playchess.com"]
[Source "ChessBase"]
[SourceQuality "1"]

{[%evp 21,58,16,10,12,14,9,19,18,17,19,16,10,18,27,20,11,41,65,179,201,209,183,197,207,213,186,181,181,192,172,192,186,181,0,0,0,156,0,0]} 1. e4 c5 2. Nf3 Nc6 3. Bb5 g6 4. Bxc6 bxc6 5. O-O Bg7 6. Re1 Nh6 7. c3 O-O 8. h3 {B31: Sicilian: 2...Nc6 3 Bb5 g6} f5 9. e5 Nf7 10. d4 (10. d3 d6 11. Bf4 Ba6 12. Na3 Rb8 13. b3 g5 14. Nxg5 Nxg5 15. Bxg5 dxe5 {½-½ (67) Inarkiev,E (2702)-Gelfand,B (2729) Nazran 2017}) 10... cxd4 11. cxd4 Bb7 {LiveBook: 5 Games} 12. Na3 {[#]} c5 $1 {[%mdl 512]} 13. dxc5 Rc8 $146 ({Find the theoretical novelty and annotate with similar games:} 13... Qc7 14. Be3 Nxe5 15. Nxe5 Bxe5 {1-0 (54) Scherer,R (2607)-Neagu,L (2478) ICCF email 2010}) 14. Be3 {[%cal Bc1e3,Be3d4,Bd4g7][%mdl 32]} Bxf3 15. Qxf3 Nxe5 16. Qd5+ e6 17. Qd2 f4 {White must now prevent ...Qg5.} 18. Bd4 Rf5 19. Rad1 Nf3+ (19... f3 $14) 20. gxf3 $18 {Bxg7 is the strong threat.} Qh4 21. Bxg7 Rcxc5 22. Kg2 {Strongly threatening Qb4.} ({Not} 22. Qxd7 $2 Qxh3 23. Qxe6+ Kxg7 $19) 22... Rg5+ 23. Kf1 Qxh3+ 24. Ke2 Rge5+ 25. Bxe5 Rxe5+ 26. Kd3 Rd5+ 27. Ke2 Re5+ 28. Kd3 Rd5+ {[#]} 29. Ke2 $2 (29. Kc2 $1 $16 Rxd2+ 30. Rxd2 Qxf3 31. Kb1) 29... Re5+ 1/2-1/2

[Event "FIDE World Cup 2017"]
[Site "Tbilisi"]
[Date "2017.09.08"]
[Round "2.4"]
[White "Cheparinov, Ivan"]
[Black "Navara, David"]
[Result "0-1"]
[WhiteElo "2695"]
[BlackElo "2720"]
[Annotator "TA"]
[PlyCount "56"]
[EventDate "2017.??.??"]
[EventType "k.o."]
[EventCountry "GEO"]
[SourceTitle "playchess.com"]
[Source "ChessBase"]
[SourceQuality "1"]

{[%evp 21,56,33,38,37,48,19,42,22,29,9,24,22,21,21,69,74,90,34,37,26,49,-320,-326,-308,-301,-702,-727,-723,-724,-681,-695,-29980,-5892,-29983,-29984,-29988,-29989]} 1. e4 e5 2. Nf3 Nc6 3. d4 exd4 4. Nxd4 Bc5 5. Nb3 Bb6 6. Nc3 Nf6 7. Bg5 h6 8. Bh4 d6 {C45: Scotch Game} 9. f3 O-O (9... g5 10. Bg3 a6 11. Qd2 Qe7 12. O-O-O Be6 13. h4 O-O-O 14. Kb1 Nd7 15. Bf2 Qf6 16. Bxb6 Nxb6 {0-1 (45) Dominguez Perez,L (2752)-Andreikin,D (2736) Novi Sad 2016}) 10. Qe2 Be6 11. O-O-O Re8 {LiveBook: 7 Games} 12. g4 Qe7 13. Kb1 a5 $146 14. a4 Rad8 15. Qg2 Nb4 $1 16. Nd4 Bxd4 $1 17. Rxd4 c5 18. Rd1 g5 {[#]} 19. Bg3 (19. Bxg5 $1 $16 hxg5 20. Bb5) 19... d5 $1 $14 {[%cal Rd5e4]} 20. Bb5 d4 $1 {[%cal Rd4c3]} 21. Nd5 $2 {[%mdl 8192]} (21. Ne2 $14 {keeps the upper hand.}) 21... Bxd5 $19 ({Less strong is} 21... Nfxd5 22. exd5 Nxd5 23. Qe2 $17) 22. exd5 Nfxd5 23. Rde1 $2 (23. Be1 Ne3 24. Qe2) 23... Ne3 24. Qd2 {[#]} Qe6 $1 {[%mdl 512] ( -> ...Qa2+)} 25. b3 c4 ({Inferior is} 25... Nbxc2 {[#]} 26. Qxc2 $1 {[%mdl 512]} Nxc2 27. Rxe6 $11) 26. Bxe8 {Hoping for Rxe3.} cxb3 27. Rxe3 bxc2+ 28. Qxc2 dxe3 {Precision: White = 38%, Black = 73%.} 0-1

[Event "FIDE World Cup 2017"]
[Site "Tbilisi"]
[Date "2017.09.08"]
[Round "2.4"]
[White "Najer, Evgeniy"]
[Black "Vitiugov, Nikita"]
[Result "1-0"]
[WhiteElo "2694"]
[BlackElo "2728"]
[Annotator "TA"]
[PlyCount "107"]
[EventDate "2017.??.??"]
[EventType "k.o."]
[EventCountry "GEO"]
[SourceTitle "playchess.com"]
[Source "ChessBase"]
[SourceQuality "1"]

{[%evp 25,106,-8,33,27,50,42,50,39,69,41,33,50,75,37,102,43,129,81,87,85,105,45,54,9,62,52,72,16,25,12,21,-54,-57,-58,62,2,0,16,40,36,35,0,0,0,153,140,148,153,147,156,142,99,411,125,193,191,246,246,242,239,227,230,210,187,263,270,274,265,372,375,353,362,552,550,707,539,1179,825,1775,1725,29998,29999,29999]} 1. e4 c5 2. Nf3 a6 3. c3 e6 4. d4 d5 5. exd5 Qxd5 6. Be2 Nf6 7. O-O Be7 8. Be3 cxd4 9. cxd4 Nc6 10. Nc3 Qd6 11. Qd2 {B28: Sicilian: 2 Nf3 a6 (O'Kelly Variation)} (11. Nd2 Nd5 12. Nde4 Qd8 13. Nxd5 exd5 14. Nc5 O-O 15. Rc1 f5 16. Nd3 Bd6 17. f4 Qb6 18. Kh1 Be6 {½-½ (39) Leko,P (2731)-Morozevich,A (2724) Moscow 2014}) 11... O-O 12. Bf4 Qd8 13. Rfd1 Nb4 {LiveBook: 3 Games} 14. Ne5 Nfd5 15. Bf3 f6 $146 ({Predecessor:} 15... Nxf4 16. Qxf4 Nd5 17. Qe4 Nxc3 18. bxc3 Qc7 {1-0 (33) Dvorak,T (2300)-Alberton,R (2123) Imperia 2002}) 16. Nd3 Nc6 17. Be3 Nxe3 18. fxe3 f5 19. Rac1 (19. Bxc6 $5 bxc6 20. Na4 $14) 19... Bg5 (19... Qd6 $14) 20. Qf2 (20. Bxc6 $16 bxc6 21. Ne2) 20... Kh8 (20... Qd6 $14) 21. Ne2 Bh4 22. g3 Bf6 23. a3 (23. Bxc6 $16 bxc6 24. Qg2 (24. Rxc6 Bb7 $14)) 23... Rb8 24. Nc5 Qe7 (24... g5 $11) 25. Nf4 Nd8 26. d5 (26. Qd2 $16) 26... b6 $11 27. d6 Qf7 28. Ncd3 (28. Na4 $11) 28... e5 $1 $15 29. Rc7 Qb3 (29... Bd7 $1 $15 30. Bd5 Qe8) 30. d7 (30. Nc1 $14 Qa4 31. Nd5) 30... Bb7 $11 31. Nc1 $36 {[%mdl 2048] White has some pressure.} Qa4 32. Nd5 {Black must now prevent Rd2.} e4 $1 {[%cal Re4f3]} 33. Nxf6 (33. Bh5 $5 {[%cal Rd5f6]} Be5 34. Qc2 $14 (34. Nxb6 $2 Qb5 $19)) 33... exf3 34. Rd4 Qb5 $2 {[#]} (34... Qa5 $1 $11 35. Ne8 Ne6) 35. Ne8 $1 $16 Ne6 36. Nd6 Nxd4 37. Nxb5 Nxb5 38. Rc2 Nd6 $2 {[%mdl 8192]} (38... Rbd8 $16 {is tougher.}) 39. Nb3 $2 (39. Qd2 $18 {is more deadly.} Ne4 40. Qd4) 39... Rbd8 (39... Rfd8 $16 {was called for.}) 40. Rc7 $18 {Hoping for Qd2.} Rf7 41. Nd4 Rfxd7 42. Rxd7 Rxd7 43. Nxf3 Ne4 44. Qc2 g6 (44... h6 $142 45. Nd4 b5 46. Nxf5 Ng5) 45. Nd4 Kg7 46. Qb3 Rd6 (46... b5 $142 47. Qe6 Nf6) 47. Qc4 {[#] And now Qc7+ would win.} Bd5 48. Qxa6 Kh6 (48... Ng5 {was necessary.} 49. Qa7+ Kf6) 49. Qc8 Kh5 50. Qc7 h6 51. a4 Kg4 52. Nb5 Rc6 53. Qf4+ Kh3 54. Qh4# {Precision: White = 42%, Black = 31%.} 1-0

[Event "FIDE World Cup 2017"]
[Site "Tbilisi"]
[Date "2017.09.08"]
[Round "2.4"]
[White "Kuzubov, Yuriy"]
[Black "Mamedyarov, Shakhriyar"]
[Result "1-0"]
[WhiteElo "2688"]
[BlackElo "2797"]
[Annotator "TA"]
[PlyCount "125"]
[EventDate "2017.??.??"]
[EventType "k.o."]
[EventCountry "GEO"]
[SourceTitle "playchess.com"]
[Source "ChessBase"]
[SourceQuality "1"]

{[%evp 12,125,29,22,69,31,63,23,26,20,57,67,87,63,65,46,52,-22,-14,-35,-60,-22,-26,-6,32,55,122,35,39,47,35,36,69,96,55,36,33,30,42,-57,-62,-119,-141,-130,-119,-159,-48,-120,-117,-123,-77,-115,0,0,0,0,0,0,0,0,0,0,0,0,0,0,0,0,0,0,0,0,0,0,0,0,0,0,0,0,0,0,0,0,0,0,0,0,0,0,0,0,0,0,0,0,0,0,0,0,0,0,0,0,0,0,0,0,0,0,0,0,29992,29993,29997,29998]} 1. e4 d6 2. d4 Nf6 3. Nc3 g6 4. f4 Bg7 5. Nf3 O-O 6. Bd3 Nc6 7. e5 {LiveBook: 396 Games} Nh5 {B09: Pirc Defence: Austrian Attack} (7... dxe5 8. fxe5 Nd5 9. Nxd5 Qxd5 10. c3 Bg4 11. Qe2 Rad8 12. Be4 Qd7 13. Be3 f6 14. O-O-O fxe5 15. Qc4+ Kh8 16. dxe5 Nxe5 17. Nxe5 Qxd1+ 18. Rxd1 Rxd1+ {1-0 (50) Karjakin,S (2785)-Van Wely,L (2695) Wijk aan Zee 2017}) 8. Be3 f6 $146 {[%cal Rf6e5]} ({Predecessor:} 8... Bh6 9. Qd2 Bg4 10. O-O Ng7 11. Ne2 e6 12. c3 f6 13. exd6 Qxd6 14. Ng3 Ne7 15. Ne4 Qc6 16. Nxf6+ Rxf6 17. Ne5 Nd5 18. Nxc6 bxc6 19. h3 Bf5 20. Be2 Be4 21. g4 Rf7 22. c4 {1-0 (22) Ramnath,B (2405)-Karthikeyan,M (2497) Chennai 2015}) 9. exf6 Nxf6 {White has an edge.} 10. Qd2 Ng4 11. Bg1 Kh8 12. h3 Nf6 13. O-O-O Nb4 14. g4 (14. Bc4 $14) 14... c6 15. Be2 Qa5 16. Bc4 b5 17. Bb3 Qc7 18. Ng5 d5 (18... Nbd5 $14) 19. Ne2 (19. a3 $16) 19... a5 $14 20. c3 a4 21. cxb4 {Hoping for Bc2.} axb3 22. a3 $1 Ne4 23. Nxe4 dxe4 24. Bh2 Qb6 25. f5 (25. Qe3 $14) 25... gxf5 $15 26. Be5 (26. gxf5 $15 Bxf5 27. Qg5) 26... Bxe5 $17 27. dxe5 c5 (27... fxg4 28. hxg4 Qf2 29. Qg5 $11 (29. Qh6 Qf7 $15)) 28. Kb1 fxg4 {[#]} (28... e3 $1 $17 {[%cal Re3d2]} 29. Qc3 cxb4 30. Qxb4 Qe6) 29. hxg4 {[#]} (29. e6 $1 $15 {[%mdl 512]}) 29... Qg6 $1 ({Much less strong is} 29... Bxg4 30. Qg5 $15) 30. Nf4 Qxg4 31. Rhg1 {[#]} (31. Qh2 $2 Bf5 $17) 31... e3 (31... Bf5 $1 $17 {White must now prevent ...e3+.} 32. Ka1 (32. Rxg4 $2 e3+ 33. Qd3 Rad8 $19) 32... Qf3) 32. Qxe3 $11 Qf5+ 33. Ka1 $1 Be6 $1 34. Ng6+ $1 (34. Nxe6 Qc2 $19) 34... hxg6 35. Qh6+ Kg8 36. Rxg6+ Kf7 {( -> ...Rxa3+!)} 37. Rg5 {[#] White wants to mate with Qh5+.} Rxa3+ $1 {[%mdl 512]} 38. bxa3 b2+ $1 39. Kxb2 Qf2+ 40. Kc1 {[%cal Rh6h5]} Qe3+ 41. Rd2 {[%cal Rh6h5]} Qxa3+ 42. Kd1 {[%cal Rh6h5]} Qa1+ 43. Kc2 {[%cal Rh6h5]} Qa2+ 44. Kc1 $1 {[%cal Rh6h5]} Qa3+ 45. Kb1 {[%cal Rh6h5]} Qxb4+ 46. Kc1 {[%cal Rh6h5]} Qc3+ 47. Kb1 {[%cal Rh6h5]} Qb4+ 48. Kc1 {[%cal Rh6h5]} Qc4+ 49. Kb1 {[%cal Rh6h5]} Qe4+ 50. Kb2 {Qh5+ would kill now.} Qb4+ 51. Kc1 {[%cal Rh6h5]} Qc3+ 52. Kb1 {[%cal Rh6h5]} Qb3+ 53. Kc1 {[%cal Rh6h5]} Qc4+ 54. Kb1 {[%cal Rh6h5]} Qe4+ 55. Kb2 {White threatens Qh5+ and mate.} Qb4+ 56. Kc1 {[%cal Rh6h5]} Qa3+ 57. Kb1 {[%cal Rh6h5]} Qb3+ 58. Kc1 {[%cal Rh6h5]} Qc3+ 59. Kb1 {[%cal Rh6h5]} Qb3+ 60. Kc1 {[%cal Rh6h5]} Qc4+ 61. Kb1 {[%cal Rh6h5]} Qf1+ $2 {[%mdl 8192]} (61... Qb3+ $11 62. Kc1) 62. Kb2 {[%cal Rh6h5]} Bf5 {[#]} 63. e6+ $1 {[%mdl 512] Precision: White = 58%, Black = 59%.} 1-0

[Event "FIDE World Cup 2017"]
[Site "Tbilisi"]
[Date "2017.09.08"]
[Round "2.4"]
[White "Hou, Yifan"]
[Black "Aronian, Levon"]
[Result "1/2-1/2"]
[WhiteElo "2670"]
[BlackElo "2802"]
[Annotator "TA"]
[PlyCount "50"]
[EventDate "2017.??.??"]
[EventType "k.o."]
[EventCountry "GEO"]
[SourceTitle "playchess.com"]
[Source "ChessBase"]
[SourceQuality "1"]

{[%evp 20,50,56,36,45,0,0,-51,-53,-75,-22,-92,-66,-99,-44,-39,-29,-45,-18,-11,-15,-20,0,0,0,0,0,0,0,0,0,0,45]} 1. e4 e5 2. Nf3 Nc6 3. Bc4 Bc5 4. O-O Nf6 5. d3 O-O 6. Nbd2 d6 7. c3 a6 8. Bb3 Ba7 9. h3 Kh8 {C54: Giuoco Piano: 4 c3 Nf6, main lines with 5 d4 and 5 d3} (9... h6 10. Re1 Re8 11. Nf1 Be6 12. Bc2 Ne7 13. d4 Ng6 14. Ng3 c6 15. Be3 Qc7 16. Qd2 Rad8 17. Rad1 b5 18. b3 Bb6 19. Qc1 Bc8 {½-½ (58) Anand,V (2779)-Nakamura,H (2779) Saint Louis 2016}) 10. Re1 Nh5 11. Nf1 {LiveBook: 8 Games} (11. d4 $5) 11... f5 {White is slightly better.} 12. exf5 $146 (12. Ng5 $5 {[%cal Rd1h5]} g6 13. Nf7+ Rxf7 14. Bxf7 $14) ({Find the theoretical novelty and annotate with similar games:} 12. Ng5 Qe8 13. Bf7 Rxf7 14. Qxh5 g6 15. Nxf7+ Qxf7 16. Qe2 f4 17. Nh2 {0-1 (32) Hou,Y (2578)-Kosteniuk,A (2525) Beijing 2008}) 12... Bxf5 13. Be3 (13. d4 $11) 13... Bxe3 $15 14. Nxe3 Bg6 (14... Nf4 $17 15. Nxf5 Rxf5) 15. d4 (15. g3 $11) 15... Nf4 $17 16. dxe5 {[#]} Nd3 (16... Be4 $1 $17 {aiming for ...Nxh3+!} 17. Nd2 Bxg2 18. Nxg2 Nxh3+ 19. Kh2 Qg5 20. Kxh3 Rxf2) 17. Rf1 Nxb2 18. Qd5 Nd3 19. exd6 $1 {The position is equal.} Nf4 20. Qg5 $1 Ne2+ 21. Kh1 {[#] And now Qxd8 would win.} cxd6 22. Qxd8 Raxd8 23. Nd5 Na5 24. Rfe1 Nxb3 25. axb3 Nf4 {Precision: White = 58%, Black = 68%.} 1/2-1/2